<?xml version="1.0" encoding="UTF-8"?>
<record
    xmlns:xsi="http://www.w3.org/2001/XMLSchema-instance"
    xsi:schemaLocation="http://www.loc.gov/MARC21/slim http://www.loc.gov/standards/marcxml/schema/MARC21slim.xsd"
    xmlns="http://www.loc.gov/MARC21/slim">

  <leader>03094nam a22002537a 4500</leader>
  <controlfield tag="005">20240305165622.0</controlfield>
  <controlfield tag="007">cr||||   |||| </controlfield>
  <controlfield tag="008">211214s2021    br |||||s|||| 00||0 por d</controlfield>
  <datafield tag="020" ind1=" " ind2=" ">
    <subfield code="a">978-65-5515-214-2</subfield>
  </datafield>
  <datafield tag="035" ind1=" " ind2=" ">
    <subfield code="a">35485</subfield>
  </datafield>
  <datafield tag="040" ind1=" " ind2=" ">
    <subfield code="a">vLex</subfield>
  </datafield>
  <datafield tag="090" ind1=" " ind2=" ">
    <subfield code="c">12720</subfield>
    <subfield code="d">12720</subfield>
  </datafield>
  <datafield tag="100" ind1="1" ind2=" ">
    <subfield code="a">Furtado de Oliveira Filho, Paulo</subfield>
  </datafield>
  <datafield tag="245" ind1="1" ind2="0">
    <subfield code="a">Lei de recupera&#xE7;&#xE3;o e fal&#xEA;ncia</subfield>
    <subfield code="h">[Recurso electr&#xF3;nico] :</subfield>
    <subfield code="b">pontos relevantes e controversos pela Lei 14.112/2020 /</subfield>
    <subfield code="c">Paulo Furtado de Oliveira Filho</subfield>
  </datafield>
  <datafield tag="256" ind1=" " ind2=" ">
    <subfield code="a">Servicio en l&#xED;nea</subfield>
  </datafield>
  <datafield tag="260" ind1=" " ind2=" ">
    <subfield code="a">Indaiatuba:</subfield>
    <subfield code="b">Editora Foco,</subfield>
    <subfield code="c">2021</subfield>
  </datafield>
  <datafield tag="300" ind1=" " ind2=" ">
    <subfield code="a">1 recurso electr&#xF3;nico</subfield>
  </datafield>
  <datafield tag="500" ind1=" " ind2=" ">
    <subfield code="a">Esta obra representa um esfor&#xE7;o inicial de compreens&#xE3;o das novidades introduzidas no sistema de insolv&#xEA;ncia brasileiro pela Lei n. 14.112/2020, contendo, em sua primeira edi&#xE7;&#xE3;o, nove artigos escritos por procuradores, advogados, administradores judiciais, promotores e ju&#xED;zes. Paulo Mendes de Oliveira e Rita Dias Nolasco retratam a evolu&#xE7;&#xE3;o da disciplina do tratamento dos cr&#xE9;ditos tribut&#xE1;rios das empresas em crise, concluindo que uma recupera&#xE7;&#xE3;o judicial efetiva n&#xE3;o pode dispensar o equacionamento do passivo tribut&#xE1;rio. Na sequ&#xEA;ncia, abordo os dispositivos legais que introduzem as media&#xE7;&#xF5;es e concilia&#xE7;&#xF5;es, apontando a fragilidade do sistema de tratamento preventivo da crise que se pretende implantar. Ricardo de Moraes Cabez&#xF3;n analisa as novas hip&#xF3;teses de recupera&#xE7;&#xE3;o judicial em fal&#xEA;ncia, como o esvaziamento patrimonial pelo devedor no curso do processo, bem como o descumprimento do parcelamento tribut&#xE1;rio. Ot&#xE1;vio Joaquim Rodrigues Filho exp&#xF5;e a sua vis&#xE3;o cr&#xED;tica acerca da desconsidera&#xE7;&#xE3;o da personalidade jur&#xED;dica e da extens&#xE3;o da fal&#xEA;ncia, bem como a conex&#xE3;o da mat&#xE9;ria com a consolida&#xE7;&#xE3;o substancial. A seguir, apresento a disciplina do encerramento do processo de recupera&#xE7;&#xE3;o judicial, que mostra-se mais eficiente do que o regime atual. Arthur Cassemiro Moura de Almeida cuida de uma das maiores novidades da Lei 14.112/2020, apresentando relevante abordagem da insolv&#xEA;ncia transnacional. Maicon de Abreu Heise comenta os mecanismos criados para tornar mais eficiente a realiza&#xE7;&#xE3;o do ativo na fal&#xEA;ncia e permitir o encerramento mais r&#xE1;pido de fal&#xEA;ncias frustradas. Maria Isabel Fontana aponta os problemas decorrentes da disciplina da consolida&#xE7;&#xE3;o substancial, a par de comentar os dispositivos que cuidam da consolida&#xE7;&#xE3;o processual. Finalmente, Jos&#xE9; Afonso Leiri&#xE3;o Filho oferece uma vis&#xE3;o abrangente da nova disciplina da recupera&#xE7;&#xE3;o judicial no agroneg&#xF3;cio. Espero que a obra seja &#xFA;til ao leitor. Paulo Furtado de Oliveira Filho</subfield>
  </datafield>
  <datafield tag="506" ind1="1" ind2=" ">
    <subfield code="a">Disponible solo en los productos indicados</subfield>
    <subfield code="d">vLex Global</subfield>
    <subfield code="d">vLex Global (Academic Edition, excluding Law Schools)</subfield>
    <subfield code="d">vLex Global (U.S. Academic Edition, Law Schools)</subfield>
    <subfield code="d">vLex Global (U.S. Academic Edition, excluding Law Schools)</subfield>
    <subfield code="d">vLex Global (Academic Edition, Law Schools)</subfield>
  </datafield>
  <datafield tag="650" ind1="0" ind2="4">
    <subfield code="a">Derecho Mercantil y de la Empresa</subfield>
    <subfield code="z">Brasil</subfield>
  </datafield>
  <datafield tag="740" ind1="0" ind2=" ">
    <subfield code="a">vLex Libros (Servicio en l&#xED;nea)</subfield>
  </datafield>
  <datafield tag="856" ind1="4" ind2="0">
    <subfield code="u">https://app.vlex.com/#/sources/35485</subfield>
  </datafield>
  <datafield tag="942" ind1=" " ind2=" ">
    <subfield code="c">RAA</subfield>
  </datafield>
  <datafield tag="952" ind1=" " ind2=" ">
    <subfield code="0">0</subfield>
    <subfield code="1">0</subfield>
    <subfield code="4">0</subfield>
    <subfield code="7">0</subfield>
    <subfield code="8">VLEX</subfield>
    <subfield code="9">328887</subfield>
    <subfield code="a">BD-UIN</subfield>
    <subfield code="b">BD-UIN</subfield>
    <subfield code="d">2024-03-05</subfield>
    <subfield code="l">0</subfield>
    <subfield code="p">35485</subfield>
    <subfield code="r">2024-03-05</subfield>
    <subfield code="w">2024-03-05</subfield>
    <subfield code="y">RAA</subfield>
  </datafield>
  <datafield tag="999" ind1=" " ind2=" ">
    <subfield code="c">170956</subfield>
    <subfield code="d">170956</subfield>
  </datafield>
</record>
